000 01289nam0a2200325 4500
001 RU\NLR\BIBL_A\022182230
005 20240813170841.0
010 _a978-5-907624-77-1
_91000
021 _aRU
_bКН-П-24-010653
_9КН-П-24-1098
035 _a(NLR Aleph) 022182230
090 _a12985732
_c12985732
100 _a20240328d2023 d y0rusy50 ca
101 0 _arus
102 _aRU
105 _aacb j 000yy
181 0 _ai
_baxxe
182 0 _an
200 1 _aИстория средних веков
_eдля 6-7 классов
_eучебник
_fКосминский Е. А.
203 _aТекст
_bвизуальный
_cнепосредственный
210 _aМосква
_cСоветские учебники
_d2023
215 _a200, [1] с.
_cил., портр., карт.
_d22
225 1 _aСоветские учебники
333 _a16+
606 1 _aСредние века
_xИстория
_jУчебники для средней школы
_2nlr_sh1
_2nlr_sh2
_3RU\NLR\AUTH\6613108
686 1 _aТ3(0)4я72
700 1 _aКосминский
_bЕ. А.
_f1886-1959
_gЕвгений Алексеевич
_3RU\NLR\AUTH\770278160
942 _cBOOK
980 _aNB